|
|
|
|
| LEADER |
01598nam a2200433Ia 4500 |
| 001 |
EBC459749 |
| 003 |
MiAaPQ |
| 005 |
20200520144314.0 |
| 006 |
m o d | |
| 007 |
cr cn||||||||| |
| 008 |
061208s2007 dcu sb 001 0 eng d |
| 010 |
|
|
|z 2006101052
|
| 020 |
|
|
|z 9780821370216
|
| 020 |
|
|
|z 0821370219
|
| 020 |
|
|
|z 9780821370223
|
| 035 |
|
|
|a (MiAaPQ)EBC459749
|
| 035 |
|
|
|a (Au-PeEL)EBL459749
|
| 035 |
|
|
|a (CaPaEBR)ebr10167864
|
| 035 |
|
|
|a (CaONFJC)MIL76586
|
| 035 |
|
|
|a (OCoLC)780143588
|
| 040 |
|
|
|a MiAaPQ
|c MiAaPQ
|d MiAaPQ
|
| 050 |
|
4 |
|a HC1080
|b .C67 2007
|
| 082 |
0 |
4 |
|a 330.96657
|2 22
|
| 245 |
0 |
0 |
|a Conflict, livelihoods, and poverty in Guinea-Bissau
|h [electronic resource] /
|c edited by Boubacar-Sid Barry ... [et al.].
|
| 260 |
|
|
|a Washington, D.C. :
|b The World Bank,
|c c2007.
|
| 300 |
|
|
|a xiii, 88 p.
|
| 490 |
1 |
|
|a World Bank working paper ;
|v no. 88
|
| 504 |
|
|
|a Includes bibliographical references and index.
|
| 533 |
|
|
|a Electronic reproduction. Ann Arbor, MI : ProQuest, 2015. Available via World Wide Web. Access may be limited to ProQuest affiliated libraries.
|
| 650 |
|
0 |
|a Political science.
|
| 651 |
|
0 |
|a Guinea-Bissau
|x Economic conditions
|y 1974-
|
| 651 |
|
0 |
|a Guinea-Bissau
|x Social conditions.
|
| 651 |
|
0 |
|a Guinea-Bissau
|x Politics and government
|y 1974-
|
| 655 |
|
4 |
|a Electronic books.
|
| 700 |
1 |
|
|a Barry, Boubacar-Sid,
|d 1969-
|
| 710 |
2 |
|
|a World Bank.
|
| 710 |
2 |
|
|a ProQuest (Firm)
|
| 830 |
|
0 |
|a World Bank working paper ;
|v no. 88.
|
| 856 |
4 |
0 |
|u https://ebookcentral.proquest.com/lib/matrademy/detail.action?docID=459749
|z Click to View
|